书目信息 |
| 题名: |
防御小麦干热风
|
|
| 作者: | 汪奕琮 编 | |
| 分册: | ||
| 出版信息: | 北京 农业出版社 1978 |
|
| 页数: | 73页 | |
| 开本: | 19cm | |
| 丛书名: | ||
| 单 册: | ||
| 中图分类: | S424 | |
| 科图分类: | ||
| 主题词: | 小麦-焚风--预防 , 焚风-小麦--预防 | |
| 电子资源: | ||
| ISBN: | ||
| 000 | 00615nam0 2200229 45 | |
| 001 | 0178000288 | |
| 005 | 20060523161552.84 | |
| 010 | @dCNY0.22 | |
| 091 | @aCN@b16144.1844 | |
| 100 | @a19950802d1978 em y0chiy0121 ea | |
| 101 | 0 | @achi |
| 102 | @aCN@b110000 | |
| 105 | @ay z 000yy | |
| 200 | 10 | @a防御小麦干热风@Afang yu xiao mai gan re feng@f汪奕琮编@Fwang yi cong bian |
| 210 | @a北京@c农业出版社@d1978 | |
| 215 | @a73页@d19cm | |
| 606 | @a小麦-焚风@x预防 | |
| 606 | @a焚风-小麦@x预防 | |
| 690 | @aS424@v3 | |
| 701 | 0 | @a汪奕琮@Awang yi cong@4编 |
| 801 | 0 | @aCN@bTSSF@c20060523 |
| 905 | @a10447@dS424@e1 | |
| 防御小麦干热风/汪奕琮编.-北京:农业出版社,1978 |
| 73页;19cm |
| ISBN :CNY0.22 |
| ● |
| 相关链接 |
|
|
|
|
正题名:防御小麦干热风
索取号:S424/1
 
预约/预借
| 序号 | 登录号 | 条形码 | 馆藏地/架位号 | 状态 | 备注 |
| 1 | 0004242 | 202370718 | 密集书库/ [索取号:S424/1] | 在馆 |